| 000 | 00607cam a2200217 4500 | ||
|---|---|---|---|
| 001 | B1070 | ||
| 008 | 090401t1977 xxu||||| |||| 00| 0 eng d | ||
| 035 | _a(Sirsi) u42429 | ||
| 041 | _aeng | ||
| 050 | _a333.337 | ||
| 110 |
_aDebenham Tewson and Chinnocks _93135 |
||
| 245 | _aOffice rents and rates in Central London and main provincial centres of England and Wales, 1973-1977 | ||
| 260 |
_aLondon _bDebenham Tewson and Chinnocks _c1977 |
||
| 300 | _a(14) leaves ; 30cm. | ||
| 350 | _a0 | ||
| 650 | _aOFFICES | ||
| 650 | _aRATES AND RATING | ||
| 650 | _aRENT | ||
| 942 | _n0 | ||
| 948 | _c04/03/1997 | ||
| 999 |
_c91112 _d91112 |
||